Introduction to personality

Saved in:
Bibliographic Details
Main Author: Walter Mischel
Format: Book
Language:Undetermined
Published: New York Harcoure Brace Jovanovich College 1986
Subjects:
Tags: Add Tag
No Tags, Be the first to tag this record!
Institutions: Trung tâm Học liệu Trường Đại học Cần Thơ
LEADER 00506nam a2200181Ia 4500
001 CTU_5299
008 210402s9999 xx 000 0 und d
082 |a 155.2 
082 |b M678 
100 |a Walter Mischel 
245 0 |a Introduction to personality 
245 0 |c Walter Mischel 
260 |a New York 
260 |b Harcoure Brace Jovanovich College 
260 |c 1986 
650 |a psychology 
904 |i Nguyễn Quang Điền, 960712 
980 |a Trung tâm Học liệu Trường Đại học Cần Thơ